000 01016nam a2200229Ia 4500
999 _c56041
_d56041
001 23141
003 GE_BSU
005 20230717104558.0
008 181216s1958||||ge |||||||||||||| ||geo||
040 _cGE_BSU
041 _ageo
080 _a821.131.1-31 ჯ-50
100 _aჯიოვანოლი, რაფაელო
_919364
245 _aსპარტაკი :
_bრომანი /
_cრაფაელო ჯიოვანოლი ; თარგმ. ნ. ყიფიანისა ; თარგმ. ახალ გამოც-ს შეადარა და შეავსო ნ. კალანდარიშვილმა.
264 _aთბილისი :
_bსაბ. და ახალგ. ლიტ. გამ-ბა,
_c1958.
300 _a535 გვ. ;
_c22 სმ.
541 _h4ლ. 48 თ.
653 _aსპარტაკი
653 _a რომანი
700 _aყიფიანი, ნ.
_eმთარგმნელი
_919365
942 _cBK
_2udc